Things on the Jetpunk top menu bar - Statistics

General Stats
  • This quiz has been taken 20 times
  • The average score is 7 of 9
Answer Stats
Answer % Correct
Create / Edit Quiz
100%
Random
100%
Jetpunk Logo
93%
Search
87%
(Your level)
73%
All Quizzes
53%
Blog
53%
More
53%
(Your username)
53%
No matching quizzes found
Score Distribution
Percent of People with Each Score
Percentile by Number Answered
Your Score History
You have not taken this quiz